[Event "CZE-chT1W 0910"]
[Site "Czech Republic"]
[Date "2010.04.11"]
[Round "11.7"]
[White "Fronek, Vitezslav"]
[Black "Braun, Marek"]
[Result "1/2-1/2"]
[WhiteElo "2102"]
[BlackElo "2108"]
[PlyCount "83"]
[EventDate "2009.10.11"]
[EventType "team-tourn"]
[EventRounds "11"]
[EventCountry "CZE"]
[SourceTitle "EXT 2011"]
[Source "ChessBase"]
[SourceDate "2010.11.26"]
[SourceVersion "1"]
[SourceVersionDate "2010.11.26"]
[SourceQuality "1"]
[WhiteTeam "Postovni sporitelna II"]
[BlackTeam "Novoborsky II"]
[WhiteTeamCountry "CZE"]
[BlackTeamCountry "CZE"]

1. e4 c5 2. Nc3 Nc6 3. g3 g6 4. d3 Bg7 5. Bg2 d6 6. Be3 e6 7. Qd2 Nd4 8. Nf3 Ne7 9. Nd1 Nxf3+ 10. Bxf3 Nc6 11. c3 0-0 12. Bh6 d5 13. Bxg7 Kxg7 14. Bg2 dxe4 15. Bxe4 Qd7 16. Ne3 b6 17. h4 Bb7 18. 0-0-0 f5 19. Bg2 Rad8 20. h5 Rh8 21. Nc4 Qc7 22. Qg5 b5 23. Ne3 Ne5 24. h6+ Kf7 25. Kc2 Bxg2 26. Nxg2 Qc6 27. Qf4 Ng4 28. Nh4 e5 29. Qd2 e4 30. Qf4 exd3+ 31. Kb1 Rhe8 32. Rhf1 Nf6 33. Nf3 Qd6 34. Ng5+ Kg8 35. Qxd6 Rxd6 36. Rfe1 Rxe1 37. Rxe1 c4 38. f3 Rd8 39. Re7 d2 40. Rg7+ Kf8 41. Ne6+ Ke8 42. Nc7+ 1/2-1/2

[Event "CZE-chT2b 0607"]
[Site "Czech Republic"]
[Date "2007.01.14"]
[Round "6"]
[White "Chrz, Pavel"]
[Black "Fronek, Vitezslav"]
[Result "1-0"]
[WhiteElo "2130"]
[BlackElo "1960"]
[PlyCount "51"]
[EventDate "2006.10.15"]
[EventType "team-tourn"]
[EventRounds "11"]
[EventCountry "CZE"]
[SourceTitle "EXT 2009"]
[Source "ChessBase"]
[SourceDate "2008.11.26"]
[SourceVersion "1"]
[SourceVersionDate "2008.11.26"]
[SourceQuality "1"]

1. e4 e5 2. Nf3 Nc6 3. Bb5 a6 4. Ba4 Nf6 5. d4 Nxe4 6. d5 Nb8 7. 0-0 Nc5 8. Qe2 Be7 9. Qxe5 0-0 10. Bb3 Bf6 11. Qg3 d6 12. Nc3 Nxb3 13. axb3 Bf5 14. Nb5 Bxc2 15. Nbd4 Bg6 16. h4 Nd7 17. Bg5 Ne5 18. Rfc1 Nxf3+ 19. Nxf3 Rc8 20. Ra4 Bxg5 21. Nxg5 Qe7 22. h5 Bxh5 23. Rh4 g6 24. Rxh5 f6 25. Nxh7 Rf7 26. Qxg6+ 1-0

[Event "CZE-ch U18"]
[Site "Prague"]
[Date "1996.??.??"]
[Round "3"]
[White "Fronek, Vitezslav"]
[Black "Mezera, Lukas"]
[Result "0-1"]
[WhiteElo "1800"]
[BlackElo "1770"]
[PlyCount "115"]
[EventDate "1996.??.??"]
[EventType "swiss"]
[EventRounds "9"]
[EventCountry "CZE"]
[SourceTitle "EXT 1998"]
[Source "ChessBase"]
[SourceDate "1997.11.17"]
[SourceVersion "1"]
[SourceVersionDate "1997.11.17"]
[SourceQuality "1"]

1. Nf3 Nf6 2. d4 e6 3. c4 b6 4. Nc3 Bb4 5. Bg5 Bxc3+ 6. bxc3 Bb7 7. e3 d6 8. Qc2 Nbd7 9. Bd3 h6 10. Bxf6 Nxf6 11. e4 Nd7 12. 0-0 c5 13. Qe2 e5 14. d5 Qe7 15. g3 g5 16. Kg2 Bc8 17. Rh1 Nf8 18. h4 g4 19. Nd2 h5 20. Nf1 Ng6 21. Qe3 Bd7 22. Nd2 Qf8 23. Qg5 Qe7 24. Qxe7+ Kxe7 25. Nf1 Raf8 26. Ne3 Kd8 27. Nf5 Bxf5 28. exf5 Ne7 29. a4 Kc7 30. Rhf1 Re8 31. Rae1 Ng8 32. f3 Nf6 33. Be4 Rhg8 34. Re2 gxf3+ 35. Kxf3 Rg4 36. Rg1 Reg8 37. Rgg2 Nxe4 38. Rxe4 Rxe4 39. Kxe4 Rg4+ 40. Kd3 Kd7 41. f6 Kc7 42. Re2 Rxg3+ 43. Re3 Rg4 44. Re4 Rxe4 45. Kxe4 Kd7 46. Kf5 Ke8 47. Kg5 Kf8 48. Kxh5 Kg8 49. Kg4 Kh7 50. Kg5 a6 51. Kh5 e4 52. Kg4 Kh6 53. Kf4 Kh5 54. Kxe4 Kxh4 55. Kf4 Kh5 56. Kf5 Kh6 57. Kg4 Kg6 58. Kf3 0-1

[Event "CZE-ch U18"]
[Site "Prague"]
[Date "1996.??.??"]
[Round "1"]
[White "Fronek, Vitezslav"]
[Black "Pridal, Ondrej"]
[Result "0-1"]
[WhiteElo "1800"]
[BlackElo "2045"]
[PlyCount "90"]
[EventDate "1996.??.??"]
[EventType "swiss"]
[EventRounds "9"]
[EventCountry "CZE"]
[SourceTitle "EXT 1998"]
[Source "ChessBase"]
[SourceDate "1997.11.17"]
[SourceVersion "1"]
[SourceVersionDate "1997.11.17"]
[SourceQuality "1"]

1. Nf3 d5 2. d4 Nf6 3. c4 e6 4. Nc3 c5 5. e3 Nc6 6. a3 Be7 7. dxc5 Bxc5 8. b4 Bd6 9. Qc2 a5 10. b5 Ne5 11. Nxe5 Bxe5 12. Bb2 dxc4 13. Bxc4 Bd7 14. Ne2 Qc7 15. Rc1 Rc8 16. Bxe5 Qxe5 17. Qc3 Qxc3+ 18. Rxc3 Ne4 19. Rc1 Nd6 20. Bd3 Rxc1+ 21. Nxc1 Bxb5 22. 0-0 Ke7 23. Bxb5 Nxb5 24. Nb3 b6 25. Nd2 Nxa3 26. Ra1 Rd8 27. Nf3 Nc4 28. Nd4 Rd5 29. g4 Kd6 30. Rb1 Kd7 31. Kg2 e5 32. Nb5 Kc6 33. Nc3 Rc5 34. Ne4 Rd5 35. Rc1 b5 36. Nc3 Rd3 37. Ne4 a4 38. Kf3 Kd5 39. Nc3+ Kc5 40. Ke2 Rd2+ 41. Ke1 Kb4 42. Nxa4 bxa4 43. Rxc4+ Kxc4 44. Kxd2 g5 45. h3 e4 0-1

[Event "CZE-ch U18"]
[Site "Prague"]
[Date "1996.??.??"]
[Round "6"]
[White "Fronek, Vitezslav"]
[Black "Prochazka, Vaclav"]
[Result "1/2-1/2"]
[WhiteElo "1800"]
[BlackElo "1740"]
[PlyCount "61"]
[EventDate "1996.??.??"]
[EventType "swiss"]
[EventRounds "9"]
[EventCountry "CZE"]
[SourceTitle "EXT 1998"]
[Source "ChessBase"]
[SourceDate "1997.11.17"]
[SourceVersion "1"]
[SourceVersionDate "1997.11.17"]
[SourceQuality "1"]

1. c4 e5 2. Nc3 Nc6 3. Nf3 f5 4. d4 e4 5. Nd2 Nf6 6. e3 Bb4 7. Be2 0-0 8. 0-0 Ne7 9. Qc2 d5 10. b3 c6 11. Bb2 Ng6 12. f4 Ng4 13. Bxg4 fxg4 14. g3 Bxc3 15. Bxc3 Rf5 16. Rf2 h5 17. Rg2 h4 18. Nf1 Rh5 19. Be1 Be6 20. c5 Kf7 21. b4 Qh8 22. gxh4 Nxh4 23. Bxh4 Rxh4 24. Ng3 Qh6 25. Qf2 Rf8 26. a4 a6 27. Rb1 Kg8 28. Qd2 g5 29. Rf1 gxf4 30. Rxf4 Rxf4 31. exf4 1/2-1/2

[Event "CZE-ch U18"]
[Site "Prague"]
[Date "1996.??.??"]
[Round "8"]
[White "Hromas, Jan"]
[Black "Fronek, Vitezslav"]
[Result "1/2-1/2"]
[WhiteElo "1635"]
[BlackElo "1800"]
[PlyCount "38"]
[EventDate "1996.??.??"]
[EventType "swiss"]
[EventRounds "9"]
[EventCountry "CZE"]
[SourceTitle "EXT 1998"]
[Source "ChessBase"]
[SourceDate "1997.11.17"]
[SourceVersion "1"]
[SourceVersionDate "1997.11.17"]
[SourceQuality "1"]

1. e4 e5 2. f4 d5 3. Nc3 d4 4. Nce2 Bg4 5. d3 Bd6 6. f5 c6 7. Qd2 Nd7 8. Ng3 Be7 9. Be2 Bxe2 10. N1xe2 h5 11. 0-0 Ngf6 12. h3 Qc7 13. c3 0-0-0 14. b4 dxc3 15. Qxc3 Qb6+ 16. Kh2 Ng4+ 17. Kh1 h4 18. f6 hxg3 19. fxe7 Rde8 1/2-1/2